Name a Pokémon for Every Ability - Statistics

General Stats
  • This quiz has been taken 379 times
    255 since last reset
  • The average score is 200 of 306
Answer Stats
Ability Answers % Correct
Blaze Blaziken, Simisear, Chimchar, + More
92%
Drought Groudon, Ninetales, Mega Charizard Y, + More
90%
Drizzle Kyogre, Pelipper, Politoed
90%
Arena Trap Trapinch, Diglett, Dugtrio
90%
Download Porygon2, Genesect, Porygon, + More
89%
Chlorophyll Cherubi, Bellossom, Weepinbell, + More
88%
Cheek Pouch Dedenne, Greedent, Bunnelby, + More
88%
Intimidate Gyarados, Masquerain, Krookodile, + More
88%
Color Change Kecleon
88%
Levitate Latias, Rotom, Eelektross, + More
88%
Disguise Mimikyu
88%
Beast Boost Pheromosa, Poipole, Xurkitree, + More
88%
Cloud Nine Psyduck, Altaria, Lickitung, + More
88%
Flame Body Magcargo, Magmortar, Fletchinder, + More
87%
Desolate Land Primal Groudon
87%
Air Lock Rayquaza
86%
Aftermath Electrode, Drifblim, Stunky, + More
85%
Battle Bond Greninja, Ash-Greninja
85%
Flash Fire Heatran, Flareon, Armarouge, + More
85%
Neutralizing Gas Koffing, Weezing, Galarian Weezing
85%
Parental Bond Mega Kangaskhan
85%
Delta Stream Mega Rayquaza
85%
Plus Plusle, Toxtricity (Amped), Flaaffy, + More
85%
Good as Gold Gholdengo
84%
Minus Minun, Klink, Electrike, + More
84%
Primordial Sea Primal Kyogre
84%
Compound Eyes Butterfree, Galvantula, Venonat, + More
83%
Pressure Deoxys, Spiritomb, Mewtwo, + More
83%
Cursed Body Frillish, Gengar, Banette, + More
83%
Moxie Krokorok, Scrafty, Quaxwell, + More
83%
Emergency Exit Golisopod
82%
Gooey Goomy, Wiglett, Hisuian Goodra, + More
82%
Mold Breaker Rampardos, Tinkaton, Haxorus, + More
82%
Slow Start Regigigas, Varoom
82%
Lightning Rod Togedemaru, Mega Sceptile, Rhydon, + More
82%
Illusion Zoroark, Hisuian Zoroark, Zorua, + More
82%
Bad Dreams Darkrai
81%
Sturdy Dwebble, Roggenrola, Bastiodon, + More
81%
Guts Machamp, Ursaring, Taillow, + More
81%
Magnet Pull Magnezone, Nosepass, Meltan, + More
81%
Prankster Meowstic (Male), Whimsicott, Thundurus (Incarnate), + More
81%
Static Pikachu, Emolga, Mareep, + More
81%
Overgrow Sceptile, Simisage, Chespin, + More
81%
Rough Skin Sharpedo, Druddigon, Gabite, + More
81%
Effect Spore Shroomish, Foongus, Vileplume, + More
81%
Snow Warning Abomasnow, Vanilluxe, Alolan Ninetales, + More
80%
Forecast Castform
80%
Purifying Salt Nacli, Naclstack, Garganacl
80%
Contrary Serperior, Inkay, Lurantis, + More
80%
Intrepid Sword Zacian
80%
Dauntless Shield Zamazenta
80%
Thick Fat Mamoswine, Hariyama, Mega Venusaur, + More
79%
Mega Launcher Mega Blastoise, Clawitzer, Clauncher
79%
Grassy Surge Tapu Bulu, Rillaboom, Thwackey, + More
79%
Shadow Tag Wobbuffet, Mega Gengar, Gothita, + More
79%
Mummy Yamask, Cofagrigus
79%
Beads of Ruin Chi-Yu
78%
Honey Gather Combee, Teddiursa, Ribombee, + More
78%
Cute Charm Delcatty, Wigglytuff, Enamorus (Incarnate), + More
78%
Iron Barbs Ferrothorn, Togedemaru, Ferroseed
78%
Protean Greninja, Kecleon, Floragato, + More
78%
Comatose Komala
78%
Speed Boost Ninjask, Mega Blaziken, Yanmega, + More
78%
Earth Eater Orthworm
78%
Gluttony Pansage, Snorlax, Lechonk, + More
78%
Dry Skin Parasect, Helioptile, Jynx, + More
78%
Clear Body Regice, Diancie, Metang, + More
78%
Libero Scorbunny, Raboot, Cinderace
78%
Huge Power Azumarill, Mega Mawile, Diggersby, + More
77%
Adaptability Eevee, Mega Beedrill, Porygon-Z, + More
77%
Sniper Kingdra, Inteleon, Beedrill, + More
77%
Stance Change Aegislash
76%
Snow Cloak Alolan Vulpix, Froslass, Glaceon, + More
76%
As One Calyrex (Ice Rider), Calyrex (Shadow Rider)
76%
Zen Mode Darmanitan, Galarian Darmanitan
76%
Strong Jaw Dracovish, Drednaw, Tyrantrum, + More
76%
Torrent Empoleon, Simipour, Totodile, + More
76%
Chilling Neigh Glastrier
76%
Pickup Linoone, Munchlax, Ambipom, + More
76%
Rain Dish Lotad, Shiinotic, Squirtle, + More
76%
Marvel Scale Milotic, Dratini, Dragonair
76%
Dancer Oricorio
76%
Zero to Hero Palafin
76%
Anger Point Primeape, Camerupt, Tauros, + More
76%
Pixilate Sylveon, Mega Gardevoir, Mega Altaria
76%
Electric Surge Tapu Koko, Pincurchin
76%
Psychic Surge Tapu Lele, Indeedee (Male), Indeedee (Female)
76%
Punk Rock Toxtricity (Amped), Toxtricity (Low Key)
76%
Gale Wings Fletchling, Fletchinder, Talonflame
75%
Iron Fist Hitmonchan, Melmetal, Pancham, + More
75%
Truant Slaking, Durant, Slakoth
75%
Grim Neigh Spectrier
75%
Shell Armor Turtonator, Mega Slowbro, Clamperl, + More
75%
Sand Stream Tyranitar, Hippowdon, Gigalith, + More
75%
Defeatist Archen, Archeops
74%
Swift Swim Buizel, Luvdisc, Seismitoad, + More
74%
Imposter Ditto
74%
No Guard Machoke, Honedge, Mega Pidgeot, + More
74%
Shed Skin Metapod, Seviper, Scraggy, + More
74%
Hunger Switch Morpeko
74%
Poison Point Nidorino, Venipede, Qwilfish, + More
74%
Big Pecks Pidove, Mandibuzz, Pidgeot, + More
74%
Corrosion Salandit, Glimmora, Salazzle, + More
74%
Wonder Guard Shedinja
74%
Tera Shift Terapagos (Normal)
74%
Serene Grace Togekiss, Jirachi, Meloetta, + More
74%
Schooling Wishiwashi
74%
Dark Aura Yveltal
74%
Poison Heal Breloom, Gliscor, Shroomish
73%
Innards Out Pyukumuku
73%
Run Away Rapidash, Pachirisu, Rattata, + More
73%
Tera Shell Terapagos (Terastal)
73%
Healer Alomomola, Mega Audino, Chansey, + More
72%
Sap Sipper Bouffalant, Girafarig, Marill, + More
72%
Ice Face Eiscue
72%
Damp Golduck, Poliwrath, Wooper, + More
72%
Quark Drive Iron Bundle, Iron Valiant, Iron Boulder, + More
72%
Aerilate Mega Pinsir, Mega Salamence
72%
Hadron Engine Miraidon
72%
Rivalry Nidoqueen, Pyroar, Beautifly, + More
72%
Technician Scizor, Marshadow, Ambipom, + More
72%
Teraform Zero Terapagos (Stellar)
72%
Fairy Aura Xerneas
72%
Fluffy Bewear, Wooloo, Greavard, + More
71%
Multiscale Dragonite, Lugia
71%
Dragon's Maw Regidrago
71%
Harvest Tropius, Exeggutor, Trevenant, + More
71%
Multitype Arceus
70%
Sword of Ruin Chien-Pao
70%
Justified Cobalion, Gallade, Arcanine, + More
70%
Synchronize Gardevoir, Mew, Rabsca, + More
70%
Stamina Mudsdale, Archaludon, Mudbray
70%
Misty Surge Tapu Fini, Galarian Weezing
70%
Soundproof Whismur, Hakamo-o, Mime Jr., + More
70%
Surge Surfer Alolan Raichu
69%
Electromorphosis Bellibolt
69%
Sand Veil Cacturne, Sandshrew, Garchomp, + More
69%
Gulp Missile Cramorant
69%
Regenerator Cyclizar, Mareanie, Tangrowth, + More
69%
Magic Bounce Espeon, Mega Sableye, Hatterene, + More
69%
Orichalcum Pulse Koraidon
69%
Swarm Leavanny, Lokix, Mothim, + More
69%
Own Tempo Ludicolo, Mudbray, Spoink, + More
69%
Liquid Voice Popplio, Brionne, Primarina
69%
Trace Porygon, Mega Alakazam, Ralts, + More
69%
Victory Star Victini
69%
Protosynthesis Walking Wake, Great Tusk, Flutter Mane, + More
69%
Wimp Out Wimpod
69%
Sand Rush Herdier, Dracozolt, Houndstone, + More
68%
Inner Focus Lucario, Golbat, Entei, + More
68%
Turboblaze Reshiram, White Kyurem
68%
Rock Head Sudowoodo, Relicanth, Marowak, + More
68%
Queenly Majesty Tsareena
68%
Water Absorb Wooper, Volcanion, Poliwhirl, + More
68%
Ball Fetch Yamper
68%
Water Bubble Dewpider, Araquanid
67%
Flower Veil Flabébé, Comfey, Florges, + More
67%
Supreme Overlord Kingambit
67%
Stench Muk, Stunky, Trubbish, + More
67%
RKS System Silvally
67%
Teravolt Zekrom, Black Kyurem
67%
Natural Cure Celebi, Blissey, Roserade, + More
66%
Well-Baked Body Dachsbun
66%
Sand Force Excadrill, Roggenrola, Mega Steelix, + More
66%
Suction Cups Octillery, Cradily, Inkay, + More
66%
Defiant Pawniard, Obstagoon, Tornadus (Incarnate), + More
66%
Magma Armor Slugma, Camerupt, Magcargo
66%
Ice Body Vanillish, Avalugg, Walrein, + More
66%
Tablets of Ruin Wo-Chien
66%
Volt Absorb Zeraora, Lanturn, Pawmot, + More
66%
Frisk Alolan Exeggutor, Gothitelle, Pumpkaboo, + More
65%
Moody Bibarel, Scovillain, Smeargle, + More
65%
Solar Power Charizard, Mega Houndoom, Sunflora, + More
65%
Sheer Force Copperajah, Gurdurr, Mega Camerupt, + More
65%
Scrappy Kangaskhan, Mega Lopunny, Hisuian Decidueye, + More
65%
Keen Eye Sentret, Espurr, Fearow, + More
65%
Sand Spit Silicobra, Sandaconda
65%
Vessel of Ruin Ting-Lu
65%
Mycelium Might Toedscool, Toedscruel
65%
Unnerve Calyrex, Galvantula, Litleo, + More
64%
Fur Coat Furfrou, Alolan Persian
64%
Storm Drain Gastrodon, Maractus, Finneon, + More
64%
Illuminate Staryu, Watchog, Lanturn, + More
64%
Aura Break Zygarde (50%), Zygarde (10%)
64%
Heatproof Bronzor, Sinistcha, Rolycoly, + More
63%
Supersweet Syrup Dipplin, Hydrapple
63%
Poison Touch Grafaiai, Toxicroak, Skrelp, + More
63%
Magician Hoopa, Delphox, Klefki, + More
63%
Poison Puppeteer Pecharunt
63%
Slush Rush Beartic, Alolan Sandslash, Arctozolt, + More
62%
Battery Charjabug
62%
Heavy Metal Duraludon, Cufant, Aggron, + More
62%
Sharpness Gallade, Veluza, Kleavor, + More
62%
Klutz Lopunny, Woobat, Golett, + More
62%
Analytic Magnemite, Staryu, Patrat, + More
62%
Leaf Guard Zarude, Bayleef, Lurantis, + More
62%
Toxic Debris Glimmet, Glimmora
61%
Pure Power Meditite, Medicham, Mega Medicham
61%
Prism Armor Necrozma, Necrozma (Dusk Mane), Necrozma (Dawn Wings)
61%
Limber Persian, Grapploct, Purrloin, + More
61%
Motor Drive Electivire, Zebstrika, Emolga, + More
60%
Gorilla Tactics Galarian Darmanitan
60%
Simple Numel, Bidoof, Swoobat, + More
60%
Toxic Chain Okidogi, Munkidori, Fezandipiti
60%
Steam Engine Rolycoly, Carkol, Coalossal
60%
Oblivious Slowbro, Bounsweet, Whiscash, + More
60%
Unseen Fist Urshifu (Single Strike), Urshifu (Rapid Strike)
60%
Hustle Zweilous, Corsola, Squawkabilly (All Forms), + More
60%
Shield Dust Dustox, Cutiefly, Weedle, + More
59%
Competitive Galarian Articuno, Jigglypuff, Empoleon, + More
59%
Liquid Ooze Tentacool, Gulpin, Swalot, + More
59%
Power Construct Zygarde (Complete), Zygarde (50%), Zygarde (10%)
59%
Seed Sower Arboliva
58%
Aroma Veil Aromatisse, Oinkologne (F), Alcremie, + More
58%
Refrigerate Aurorus, Mega Glalie, Amaura
58%
Magic Guard Clefable, Sigilyph, Solosis, + More
58%
Anticipation Croagunk, Wormadam, Hatenna, + More
58%
Anger Shell Klawf
58%
Soul-Heart Magearna
58%
Super Luck Tranquill, Honchkrow, Absol, + More
58%
Weak Armor Ceruledge, Sinistea, Omanyte, + More
57%
Skill Link Cloyster, Cinccino, Trumbeak, + More
57%
Bulletproof Quilladin, Kommo-o, Ursaluna, + More
57%
Tangling Hair Alolan Diglett, Alolan Dugtrio
56%
Ripen Applin, Flapple, Appletun
56%
Unaware Bidoof, Cosmog, Dondozo, + More
56%
Early Bird Dodrio, Houndour, Natu, + More
56%
Infiltrator Dreepy, Bramblin, Cottonee, + More
56%
Tinted Lens Illumise, Venonat, Hisuian Braviary, + More
56%
Commander Tatsugiri
56%
Vital Spirit Vigoroth, Delibird, Electabuzz, + More
56%
Sticky Hold Gulpin, Accelgor, Dipplin, + More
55%
Light Metal Metagross, Registeel, Scizor, + More
55%
Hydration Goodra, Manaphy, Gorebyss, + More
54%
Normalize Skitty, Delcatty
54%
Quick Draw Galarian Slowbro
53%
Shadow Shield Lunala
53%
Shields Down Minior
53%
Propeller Tail Arrokuda, Barraskewda
52%
Wind Rider Bramblin, Shiftry, Brambleghast
52%
Unburden Drifloon, Purrloin, Hawlucha, + More
52%
Hyper Cutter Kingler, Gligar, Pinsir, + More
52%
Telepathy Orbeetle, Dialga, Beheeyem, + More
52%
Insomnia Hoothoot, Spidops, Drowzee, + More
51%
Tough Claws Lycanroc (Dusk), Barbaracle, Mega Aerodactyl, + More
51%
Merciless Mareanie, Toxapex
51%
Long Reach Rowlet, Dartrix, Decidueye
51%
Steadfast Sirfetch'd, Lucario, Hitmontop, + More
51%
White Smoke Torkoal, Centiskorch, Heatmor, + More
51%
Neuroforce Ultra Necrozma
51%
Immunity Zangoose, Snorlax, Gligar
51%
Battle Armor Falinks, Kabuto, Type: Null, + More
50%
Thermal Exchange Frigibax, Arctibax, Baxcalibur
50%
Guard Dog Mabosstiff, Okidogi
50%
Water Compaction Sandygast, Palossand
50%
Power of Alchemy Alolan Grimer, Alolan Muk
49%
Ice Scales Snom, Frosmoth
49%
Tangled Feet Spinda, Chatot, Pidgeot, + More
49%
Cud Chew Farigiraf, Paldean Tauros
48%
Wandering Spirit Galarian Yamask, Runerigus
48%
Reckless Hitmonlee, Mienshao, Starly, + More
48%
Sweet Veil Swirlix, Milcery, Steenee, + More
48%
Rocky Payload Bombirdier
47%
Triage Comfey
47%
Steelworker Dhelmise
47%
Berserk Drampa, Galarian Moltres
47%
Cotton Down Gossifleur, Eldegoss
47%
Stall Sableye
47%
Stakeout Gumshoos, Spidops, Nickit, + More
46%
Filter Mr. Mime, Revavroom, Mega Aggron, + More
46%
Solid Rock Rhyperior, Carracosta, Camerupt, + More
46%
Curious Medicine Galarian Slowking
45%
Receiver Passimian
45%
Pickpocket Impidimp, Nuzleaf, Sneasel, + More
44%
Friend Guard Maushold, Cleffa, Vivillon, + More
44%
Embody Aspect Ogerpon (Terastallized)
44%
Mirror Armor Corviknight
43%
Stalwart Duraludon, Archaludon
43%
Full Metal Body Solgaleo
43%
Galvanize Alolan Geodude, Alolan Graveler, Alolan Golem
42%
Perish Body Cursola
42%
Armor Tail Farigiraf
42%
Hospitality Poltchageist, Sinistcha
42%
Grass Pelt Skiddo, Gogoat
42%
Power Spot Stonjourner
42%
Water Veil Seaking, Finizen, Huntail, + More
41%
Dazzling Bruxish
40%
Flower Gift Cherrim
40%
Screen Cleaner Galarian Mr. Mime, Mr. Rime
40%
Steely Spirit Perrserker
40%
Transistor Regieleki
40%
Costar Flamigo
39%
Quick Feet Jolteon, Galarian Linoone, Granbull, + More
39%
Overcoat Burmy, Reuniclus, Vullaby, + More
38%
Forewarn Munna, Hypno, Smoochum, + More
38%
Toxic Boost Zangoose
38%
Flare Boost Drifloon, Drifblim
37%
Wind Power Wattrel, Kilowattrel
36%
Mind's Eye Ursaluna (Bloodmoon)
35%
Opportunist Espathra
34%
Lingering Aroma Oinkologne (Male)
34%
Rattled Bonsly, Wugtrio, Gimmighoul (Chest), + More
33%
Pastel Veil Galarian Ponyta, Galarian Rapidash
31%
Mimicry Galarian Stunfisk
31%
Symbiosis Floette, Oranguru, Florges, + More
24%
Wonder Skin Sigilyph, Bruxish, Venomoth, + More
24%
No matching quizzes found
Score Distribution
Percent of People with Each Score
Percentile by Number Answered
Your Score History
You have not taken this quiz since the last reset